00286nam a2200097Ia 4500008004100000100002800041245004800069260004500117260000900162999001700171170620s9999 xx 000 0 und d aSiddiqui- Mujibul Hasan 0aDistance Learning Technologies in Education bNew Delhi- A.P.H. Publishing corporation c2004 c24324d24324